Представление документа в формате MARC21

ПолеНазваниеЗначение
  Тип записи a
  Библиографический уровень m
001 Контрольный номер RU\infra-m\znanium\bibl\2147361
005 Дата корректировки 20240827142119.4
008 Кодируемые данные 240329s2024 RU g rus u
020 Индекс ISBN __
a ISBN 978-5-7205-2024-3
040 Источник каталогиз. __
a Служба первич. каталог. Общество с ограниченной ответственностью «ЗНАНИУМ»
041 Код языка издания __
a Код языка текста rus
044 Код страны публикации __
a Код страны публикации RU
080 Индекс УДК __
a Индекс УДК 346
084 Индекс другой классификации/Индекс ББК __
2 Источник индекса rubbk
a Индекс другой классификации/Индекс ББК 67409
084 Индекс другой классификации/Индекс ББК __
2 Источник индекса okso
a Индекс другой классификации/Индекс ББК 40.03.01
084 Индекс другой классификации/Индекс ББК __
2 Источник индекса okso
a Индекс другой классификации/Индекс ББК 40.04.01
100 Автор __
a Автор Устинова А. В.
q Полное имя Устинова Анастасия Васильевна
245 Заглавие __
a Заглавие Гражданско-правовая охрана интернет-вещания
b Продолж. заглавия Монография
260 Выходные данные __
a Место издания Москва
b Издательство Юридический Дом "Юстицинформ"
c Дата издания 2024
300 Физическое описание __
a Объем 228 с.
520 Аннотация __
a Аннотация В монографии представлены результаты исследования теоретических и практических проблем охраны интернет-вещания. Дается анализ российской и зарубежной доктрины законодательства и правоприменительной практики касающихся обоснования предоставления охраны интернет-вещания определения условий и объекта такой охраны а также границ исключительного смежного с авторским правом права на использование сетевого вещания. Представлен авторский взгляд на механизм смежно-правовой охраны исключительных прав на передачи сетевого вещания. Книга предназначена для студентов юридических вузов ученых-правоведов преподавателей и всех кто интересуется вопросами интеллектуальной собственности.
521 Примеч. о цел. назн. __
a Примеч. о целев. назн. Профессиональное образование
650 Тематические рубрики __
a Основная рубрика Право. Юридические науки
x Основная подрубрика Гражданское право
655 Указ. предметных рубрик (устаревшее) __
a Жанр/ форма (устаревшее) Монография
700 Другие авторы __
a Другие авторы Матвеев А.Г.
q Полное имя Матвеев Антон Геннадьевич
u Дополнение Пермский государственный национальный исследовательский университет
856 Электронный адрес документа 4_
a Имя сервера/домена znanium.ru
m Помощь ebs_support@infra-m.ru
n Местонахождение сервера НИЦ ИНФРА-М
u URL https://znanium.ru/catalog/document?id=444117
856 Электронный адрес документа 48
a Имя сервера/домена znanium.ru
d Путь /cover/2147
f Электронное имя 2147361.jpg
u URL https://znanium.ru/cover/2147/2147361.jpg
911 __
u 0030=https://znanium.ru/catalog/document?id=444117